[Event "SK Münster 2 - SK Münster 3"]
[Site "Regionalliga 2017/2018"]
[Date "2017.09.02"]
[Round "1.8"]
[White "Kamp, Aaron"]
[Black "Baumann, Eva"]
[Result "1/2-1/2"]
[WhiteElo "1731"]
[BlackElo "1665"]
[PlyCount "107"]
[EventDate "2017.??.??"]
[SourceTitle "Verband Muensterland"]
[SourceDate "2017.09.15"]
[SourceVersion "1"]
[SourceVersionDate "2017.09.15"]
[SourceQuality "1"]

1. e4 e5 2. d4 exd4 3. Nf3 Nc6 4. Bc4 Nf6 5. e5 d5 6. Bb5 Ne4 7. Nxd4 Bd7 8.
Bxc6 bxc6 9. O-O Be7 10. f3 Ng5 11. f4 Ne4 12. Nc3 c5 13. Nb3 c4 14. Nd4 c5 15.
Nde2 Nxc3 16. bxc3 Bc6 17. f5 d4 18. cxd4 cxd4 19. Nxd4 Bc5 20. c3 Qd5 21. Qg4
h5 22. Qe2 Bxd4+ 23. cxd4 Qxd4+ 24. Be3 Qxe5 25. Qxc4 Qxe3+ 26. Kh1 Bxg2+ 27.
Kxg2 O-O 28. Rae1 Qg5+ 29. Kh1 Qf6 30. Qe2 Rab8 31. Qxh5 Rb2 32. a3 Ra2 33. Qf3
Qb2 34. Qg3 Rxa3 35. Qh4 Ra2 36. Rg1 Qb7+ 37. Re4 Re8 38. Rxg7+ Kxg7 39. f6+
Kg6 40. Qg4+ Kh6 41. Qg7+ Kh5 42. Qh7+ Kg5 43. Qh4+ Kg6 44. Qg3+ Kh6 45. Qg7+
Kh5 46. Qh7+ Kg5 47. h4+ Kxf6 48. Qh6+ Kf5 49. Qf4+ Kg6 50. Qg5+ Kh7 51. Qh5+
Kg7 52. Qg5+ Kh7 53. Qh5+ Kg7 54. Qg5+ 1/2-1/2

[Event "SG Ahaus-Wessum 1 - SC Gronau 1"]
[Site "Regionalliga 2017/2018"]
[Date "2017.09.02"]
[Round "1.1"]
[White "Bündgen, Achim"]
[Black "Wensing, Maximilian"]
[Result "1/2-1/2"]
[WhiteElo "2119"]
[BlackElo "1945"]
[PlyCount "50"]
[EventDate "2017.??.??"]
[SourceTitle "Verband Muensterland"]
[SourceDate "2017.09.15"]
[SourceVersion "1"]
[SourceVersionDate "2017.09.15"]
[SourceQuality "1"]

1. e4 c5 2. b3 Nc6 3. Bb2 d6 4. Bb5 e5 5. Bxc6+ bxc6 6. Ne2 Bg4 7. f3 Bh5 8.
O-O Be7 9. f4 Bf6 10. fxe5 Bxe5 11. Bxe5 dxe5 12. Na3 Nf6 13. d3 Nxe4 14. Qe1
Bxe2 15. Qxe2 Qd4+ 16. Kh1 Nc3 17. Qf3 O-O 18. Qxc6 a5 19. Nb5 Nxb5 20. Qxb5 a4
21. c3 Qxc3 22. Rac1 Qb2 23. bxa4 Qxa2 24. Qxc5 Rxa4 25. Qxe5 Qe6 1/2-1/2

[Event "SG Ahaus-Wessum 1 - SC Gronau 1"]
[Site "Regionalliga 2017/2018"]
[Date "2017.09.02"]
[Round "1.2"]
[White "Schulze Ameling, Hendrik"]
[Black "Monsma, Menno"]
[Result "0-1"]
[WhiteElo "2004"]
[BlackElo "2030"]
[PlyCount "46"]
[EventDate "2017.??.??"]
[SourceTitle "Verband Muensterland"]
[SourceDate "2017.09.15"]
[SourceVersion "1"]
[SourceVersionDate "2017.09.15"]
[SourceQuality "1"]

1. d4 Nf6 2. c4 e6 3. Nc3 Bb4 4. e3 b6 5. Bd3 Bb7 6. Nge2 Ne4 7. O-O Qh4 8. f4
Bxc3 9. bxc3 f5 10. Ba3 Qf6 11. Rb1 d6 12. c5 dxc5 13. dxc5 Kf7 14. Qc2 Rd8 15.
Nd4 Nc6 16. Bc4 Nxd4 17. cxd4 Kg8 18. Rfc1 Qf7 19. c6 Bxc6 20. Bxe6 Qxe6 21.
Qxc6 Qxa2 22. Qc4+ Qxc4 23. Rxc4 Nd2 0-1

[Event "SG Ahaus-Wessum 1 - SC Gronau 1"]
[Site "Regionalliga 2017/2018"]
[Date "2017.09.02"]
[Round "1.3"]
[White "Ellenbroek, Ton"]
[Black "Rosing, Hermann"]
[Result "1-0"]
[WhiteElo "1977"]
[BlackElo "1969"]
[PlyCount "71"]
[EventDate "2017.??.??"]
[SourceTitle "Verband Muensterland"]
[SourceDate "2017.09.15"]
[SourceVersion "1"]
[SourceVersionDate "2017.09.15"]
[SourceQuality "1"]

1. d4 f5 2. c4 g6 3. g3 Nf6 4. Bg2 Bg7 5. Nc3 d6 6. d5 c5 7. Nh3 O-O 8. Nf4 Na6
9. O-O Nc7 10. Nb5 a6 11. Nxc7 Qxc7 12. a4 Rb8 13. a5 b5 14. axb6 Rxb6 15. Qc2
Qb8 16. Ra2 Ng4 17. h3 Ne5 18. Bd2 Bf6 19. Rfa1 Nf7 20. Ne6 Re8 21. Bc3 Bxc3
22. Qxc3 Ne5 23. f4 Rb3 24. Qc2 Nd7 25. g4 fxg4 26. hxg4 Nf6 27. g5 Ng4 28. Ra3
Rxa3 29. Rxa3 Qb4 30. Qc3 Bxe6 31. dxe6 Rb8 32. Qxb4 Rxb4 33. Rg3 h5 34. gxh6
Nf6 35. Rxg6+ Kh7 36. Rxf6 1-0

[Event "SG Ahaus-Wessum 1 - SC Gronau 1"]
[Site "Regionalliga 2017/2018"]
[Date "2017.09.02"]
[Round "1.4"]
[White "Diehlmann, Christian"]
[Black "Lütkehermölle, Martin"]
[Result "1/2-1/2"]
[WhiteElo "1909"]
[BlackElo "1972"]
[PlyCount "41"]
[EventDate "2017.??.??"]
[SourceTitle "Verband Muensterland"]
[SourceDate "2017.09.15"]
[SourceVersion "1"]
[SourceVersionDate "2017.09.15"]
[SourceQuality "1"]

1. d4 d5 2. Nf3 Nf6 3. Bf4 e6 4. e3 Nbd7 5. Be2 c5 6. O-O Qb6 7. b3 Bd6 8. Ne5
Qc7 9. Nxd7 Bxd7 10. Bxd6 Qxd6 11. dxc5 Qxc5 12. c4 dxc4 13. Bxc4 Bc6 14. Nd2
Rd8 15. Qe1 Qg5 16. g3 b5 17. Be2 Qd5 18. Bf3 Qd6 19. Bxc6+ Qxc6 20. Qe2 O-O
21. Rfc1 1/2-1/2

[Event "SG Ahaus-Wessum 1 - SC Gronau 1"]
[Site "Regionalliga 2017/2018"]
[Date "2017.09.02"]
[Round "1.5"]
[White "Langendijk, Andre"]
[Black "Winking, Hendirk"]
[Result "1-0"]
[WhiteElo "1926"]
[BlackElo "1945"]
[PlyCount "59"]
[EventDate "2017.??.??"]
[SourceTitle "Verband Muensterland"]
[SourceDate "2017.09.15"]
[SourceVersion "1"]
[SourceVersionDate "2017.09.15"]
[SourceQuality "1"]

1. d4 d5 2. Bg5 c6 3. c3 Nf6 4. Nd2 Nbd7 5. Ngf3 e6 6. e3 h6 7. Bh4 Be7 8. Bd3
O-O 9. Qe2 Qb6 10. O-O-O c5 11. g4 Bd6 12. g5 hxg5 13. Bxg5 Nh7 14. Rhg1 f5 15.
Rg2 Rf7 16. Rdg1 Qc7 17. Bh6 Bf8 18. Bf4 Bd6 19. Ng5 Nxg5 20. Bxg5 c4 21. Bc2
b5 22. Bh6 Bf8 23. Nf3 Re7 24. Bf4 Qc6 25. Ng5 Nf6 26. Be5 Nh7 27. Nxh7 Kxh7
28. Qh5+ Kg8 29. Rg6 Bd7 30. Rh6 1-0

[Event "SG Ahaus-Wessum 1 - SC Gronau 1"]
[Site "Regionalliga 2017/2018"]
[Date "2017.09.02"]
[Round "1.6"]
[White "Bauland, Thomas"]
[Black "Storck, Martin"]
[Result "1/2-1/2"]
[WhiteElo "1870"]
[BlackElo "1935"]
[PlyCount "47"]
[EventDate "2017.??.??"]
[SourceTitle "Verband Muensterland"]
[SourceDate "2017.09.15"]
[SourceVersion "1"]
[SourceVersionDate "2017.09.15"]
[SourceQuality "1"]

1. Nc3 d5 2. e4 d4 3. Nce2 e5 4. Ng3 Nf6 5. Nf3 Bd6 6. Bc4 h6 7. d3 c6 8. O-O
a5 9. a3 Na6 10. c3 dxc3 11. bxc3 O-O 12. Nh4 Bg4 13. f3 Be6 14. Ba2 Bxa2 15.
Rxa2 Bc5+ 16. Kh1 Nd5 17. exd5 Qxh4 18. dxc6 bxc6 19. Re2 Bd6 20. Ne4 Bc7 21.
Be3 Rab8 22. Bf2 Qe7 23. Qa4 Qe6 24. Rfe1 1/2-1/2

[Event "SG Ahaus-Wessum 1 - SC Gronau 1"]
[Site "Regionalliga 2017/2018"]
[Date "2017.09.02"]
[Round "1.8"]
[White "Messelink, Gerrit"]
[Black "Hoge, Torsten"]
[Result "0-1"]
[WhiteElo "1802"]
[BlackElo "1890"]
[PlyCount "108"]
[EventDate "2017.??.??"]
[SourceTitle "Verband Muensterland"]
[SourceDate "2017.09.15"]
[SourceVersion "1"]
[SourceVersionDate "2017.09.15"]
[SourceQuality "1"]

1. e4 e6 2. d4 d5 3. Nc3 Bb4 4. exd5 exd5 5. Bd3 Ne7 6. Bg5 Nbc6 7. a3 Bxc3+ 8.
bxc3 Be6 9. f4 Qd7 10. Nf3 f6 11. Bh4 Bf5 12. O-O O-O 13. Bg3 Na5 14. h4 Rae8
15. Kf2 Nc8 16. h5 Nd6 17. Rh1 Nac4 18. Kg1 Be4 19. Bf2 Nb2 20. Qf1 Qf5 21. Ne1
Qxf4 22. Rh4 Qg5 23. Be2 Nbc4 24. g3 Nf5 25. Rg4 Nfe3 26. Rxg5 Nxf1 27. Rg4
Nfe3 28. Rf4 c6 29. Bxe3 Nxe3 30. Kf2 Nxc2 31. Nxc2 Bxc2 32. Rg1 Re4 33. Rxe4
Bxe4 34. c4 h6 35. g4 Re8 36. cxd5 Bxd5 37. Bd3 Kf8 38. Rb1 Re7 39. Bf5 Ke8 40.
Rb4 Kd8 41. a4 Kc7 42. Bd3 a5 43. Rb1 Kd6 44. Rb6 Be6 45. Kf3 Kd5 46. Kf4 Kxd4
47. Be4 Bd5 48. Bf5 Kc5 49. Rb2 b5 50. Bd3 b4 51. Kf5 Re5+ 52. Kf4 Kd4 53. Rd2
Kc3 54. Rd1 Bb3 0-1

[Event "SF Neuenkirchen 1 - SG Turm Raesfeld/Er"]
[Site "Regionalliga 2017/2018"]
[Date "2017.09.02"]
[Round "1.1"]
[White "Wilger, Frank"]
[Black "Wilde, Pierre"]
[Result "1-0"]
[WhiteElo "2086"]
[BlackElo "2240"]
[PlyCount "107"]
[EventDate "2017.??.??"]
[SourceTitle "Verband Muensterland"]
[SourceDate "2017.09.15"]
[SourceVersion "1"]
[SourceVersionDate "2017.09.15"]
[SourceQuality "1"]

1. d4 e6 2. Nf3 c5 3. e3 Nf6 4. Bd3 b6 5. O-O Be7 6. c3 Nc6 7. e4 cxd4 8. cxd4
Nb4 9. e5 Nfd5 10. Be4 Bb7 11. a3 Na6 12. Qd3 Nac7 13. Re1 h6 14. Nc3 Rb8 15.
Bd2 Nxc3 16. bxc3 Bxe4 17. Rxe4 d5 18. exd6 Bxd6 19. c4 b5 20. Rg4 Kf8 21. Re4
bxc4 22. Qxc4 Nd5 23. Ne5 Bxe5 24. dxe5 g6 25. h4 h5 26. Bg5 Qb6 27. Bf6 Nxf6
28. exf6 e5 29. Qb4+ Qxb4 30. Rxb4 Re8 31. Rc1 g5 32. hxg5 Rg8 33. Rc7 Rxg5 34.
Rbb7 Rg6 35. Rxf7+ Kg8 36. Rxa7 e4 37. Rfe7 Rxe7 38. Rxe7 Rxf6 39. Rxe4 Kg7 40.
Re5 Kg6 41. a4 Rf4 42. Ra5 Rb4 43. g3 h4 44. gxh4 Rxh4 45. Kg2 Rb4 46. Kg3 Rb1
47. Kg4 Kf6 48. Ra6+ Ke5 49. f4+ Ke4 50. Re6+ Kd5 51. f5 Rb4+ 52. Kg5 Rxa4 53.
Re1 Ra2 54. f6 1-0

[Event "SF Neuenkirchen 1 - SG Turm Raesfeld/Er"]
[Site "Regionalliga 2017/2018"]
[Date "2017.09.02"]
[Round "1.2"]
[White "Vos, Thomas"]
[Black "Pollok, Ralf"]
[Result "0-1"]
[WhiteElo "2164"]
[BlackElo "1990"]
[PlyCount "86"]
[EventDate "2017.??.??"]
[SourceTitle "Verband Muensterland"]
[SourceDate "2017.09.15"]
[SourceVersion "1"]
[SourceVersionDate "2017.09.15"]
[SourceQuality "1"]

1. d4 Nf6 2. Bf4 d5 3. e3 e6 4. Bd3 Bd6 5. Bg3 O-O 6. Nf3 b6 7. Qe2 c5 8. c3
Bb7 9. Ne5 Qc7 10. Nd2 Nbd7 11. f4 a6 12. Bh4 Ne4 13. Nxd7 Qxd7 14. Bxe4 dxe4
15. Nc4 Qc7 16. Nxd6 Qxd6 17. dxc5 Qxc5 18. Rd1 a5 19. Rd7 Ba6 20. Be7 Qc8 21.
Qd2 Re8 22. Bh4 Bd3 23. Rd4 h6 24. Qf2 b5 25. Kd2 e5 26. fxe5 Qe6 27. Ra1 b4
28. c4 b3 29. axb3 Rab8 30. Ra3 a4 31. Qg3 Kh7 32. Rd6 Qf5 33. Qf2 Qxe5 34. Rd4
Rxb3 35. Rxb3 axb3 36. Kc1 Qa5 37. Rxd3 exd3 38. Qxf7 Qa1+ 39. Kd2 Qxb2+ 40.
Kxd3 Qc2+ 41. Kd4 Qd2+ 42. Kc5 Re5+ 43. Kc6 Qxe3 0-1

[Event "SF Neuenkirchen 1 - SG Turm Raesfeld/Er"]
[Site "Regionalliga 2017/2018"]
[Date "2017.09.02"]
[Round "1.3"]
[White "Gesing, Felix"]
[Black "Hachmeister, Dirk"]
[Result "1-0"]
[WhiteElo "1988"]
[BlackElo "2143"]
[PlyCount "91"]
[EventDate "2017.??.??"]
[SourceTitle "Verband Muensterland"]
[SourceDate "2017.09.15"]
[SourceVersion "1"]
[SourceVersionDate "2017.09.15"]
[SourceQuality "1"]

1. e4 d6 2. d4 c6 3. Nc3 e5 4. dxe5 dxe5 5. Qxd8+ Kxd8 6. Bc4 f6 7. f4 Nd7 8.
Nf3 Bd6 9. f5 Kc7 10. a4 a5 11. g4 Ne7 12. g5 g6 13. gxf6 Nxf6 14. Bg5 Rf8 15.
Bh6 Re8 16. Bf7 Rd8 17. Bg7 Ne8 18. f6 Nxg7 19. fxg7 Bg4 20. Ng5 Ng8 21. O-O
Nh6 22. Nxh7 Bh3 23. Ng5 Bc5+ 24. Kh1 Bg4 25. h3 Be3 26. Ne6+ Bxe6 27. Bxe6 Re8
28. Bb3 Bf4 29. Ne2 g5 30. Nxf4 exf4 31. h4 Re5 32. hxg5 Rxg5 33. Rg1 Ng4 34.
Be6 Rh5+ 35. Kg2 Nf6 36. Kf3 Re8 37. Rg6 Ng8 38. Rd1 Re5 39. Rd7+ Kb6 40. Bf7
Rb8 41. Kxf4 Rh5 42. Bxg8 Rxg8 43. Rf7 Rh2 44. Kg3 Rh1 45. Kg2 Rh7 46. e5 1-0

[Event "SF Neuenkirchen 1 - SG Turm Raesfeld/Er"]
[Site "Regionalliga 2017/2018"]
[Date "2017.09.02"]
[Round "1.4"]
[White "Seegers, Hendrik"]
[Black "Greifenberg, Daniel"]
[Result "0-1"]
[WhiteElo "2109"]
[BlackElo "2002"]
[PlyCount "95"]
[EventDate "2017.??.??"]
[SourceTitle "Verband Muensterland"]
[SourceDate "2017.09.15"]
[SourceVersion "1"]
[SourceVersionDate "2017.09.15"]
[SourceQuality "1"]

1. d4 Nf6 2. Nf3 e6 3. Bf4 d5 4. e3 c5 5. c3 Nc6 6. Nbd2 Be7 7. h3 O-O 8. Bd3
Bd7 9. O-O Qb6 10. Qb3 Rfc8 11. Qxb6 axb6 12. Rfe1 cxd4 13. Nxd4 Nh5 14. Bh2 g6
15. g4 Nf6 16. a3 Bf8 17. Rad1 Nxd4 18. exd4 Ba4 19. Rc1 Bh6 20. f4 Bg7 21. Nf3
h5 22. Ne5 hxg4 23. hxg4 Ne8 24. f5 gxf5 25. gxf5 Bh6 26. Ra1 Nf6 27. Kf2 Kf8
28. fxe6 fxe6 29. Rg1 Ke7 30. Rg6 Rh8 31. Bg3 Rag8 32. Bh4 Be3+ 33. Kg3 Bf4+
34. Kh3 Rxh4+ 35. Kg2 Bxe5 36. Rxg8 Nxg8 37. dxe5 Nh6 38. Kg3 Rh5 39. Kf4 Nf7
40. Re1 Rh2 41. Rb1 Bc2 42. Bxc2 Rxc2 43. a4 Kd7 44. a5 bxa5 45. Ra1 b6 46. b4
Rxc3 47. bxa5 bxa5 48. Rxa5 0-1

[Event "SF Neuenkirchen 1 - SG Turm Raesfeld/Er"]
[Site "Regionalliga 2017/2018"]
[Date "2017.09.02"]
[Round "1.5"]
[White "Brömmel, Rudolf"]
[Black "Haves, Reinhard"]
[Result "1-0"]
[WhiteElo "1913"]
[BlackElo "2089"]
[PlyCount "137"]
[EventDate "2017.??.??"]
[SourceTitle "Verband Muensterland"]
[SourceDate "2017.09.15"]
[SourceVersion "1"]
[SourceVersionDate "2017.09.15"]
[SourceQuality "1"]

1. Nc3 g6 2. d4 Bg7 3. g3 d6 4. Bg2 Nc6 5. d5 Ne5 6. f4 Nd7 7. e4 c6 8. Be3
cxd5 9. exd5 Ngf6 10. Nge2 O-O 11. h3 Nb6 12. b3 a5 13. a4 Nh5 14. Bd4 Bxd4 15.
Qxd4 Nd7 16. Bf3 Nhf6 17. g4 Qb6 18. Qxb6 Nxb6 19. O-O-O Rd8 20. Nd4 Bd7 21.
Rhe1 Kf8 22. Ndb5 Rac8 23. Rd3 Rc5 24. Kb2 Rdc8 25. Re2 h5 26. Rg2 hxg4 27.
hxg4 Bxb5 28. axb5 a4 29. Nxa4 Rxb5 30. Nxb6 Rxb6 31. g5 Ng8 32. Re2 Rb4 33.
Re4 Rxe4 34. Bxe4 Kg7 35. Rc3 Rb8 36. Rc7 Kf8 37. Kc3 Ke8 38. Kb4 Kd8 39. Rc3
Kd7 40. Rh3 e5 41. dxe6+ Kxe6 42. Rh8 d5 43. Bd3 Kd6 44. f5 gxf5 45. Bxf5 Re8
46. g6 Ke7 47. gxf7 Kxf7 48. Kc5 Re5 49. Bd3 Rg5 50. Rh7+ Ke6 51. Rxb7 Nf6 52.
Rb6+ Ke5 53. Rb7 Ne4+ 54. Kb4 Kd4 55. Rd7 Re5 56. Bxe4 Kxe4 57. Kc5 Re8 58. Rc7
d4 59. Kc4 Ke3 60. b4 Re5 61. b5 Kd2 62. Kb4 Re8 63. Rd7 Kxc2 64. Rxd4 Re1 65.
b6 Rb1+ 66. Kc5 Kc3 67. Rc4+ Kd3 68. Rb4 Rc1+ 69. Kd6 1-0

[Event "SF Neuenkirchen 1 - SG Turm Raesfeld/Er"]
[Site "Regionalliga 2017/2018"]
[Date "2017.09.02"]
[Round "1.7"]
[White "Bergemann, Martin"]
[Black "Rieke, Theo"]
[Result "1/2-1/2"]
[WhiteElo "1935"]
[BlackElo "1947"]
[PlyCount "39"]
[EventDate "2017.??.??"]
[SourceTitle "Verband Muensterland"]
[SourceDate "2017.09.15"]
[SourceVersion "1"]
[SourceVersionDate "2017.09.15"]
[SourceQuality "1"]

1. d4 Nf6 2. Bg5 d5 3. Bxf6 gxf6 4. e3 c5 5. dxc5 Nc6 6. c3 e6 7. b4 a5 8. Bb5
Bd7 9. Bxc6 Bxc6 10. Nf3 axb4 11. cxb4 b6 12. Nd4 Ba4 13. Qh5 Qd7 14. O-O bxc5
15. bxc5 Bxc5 16. Nc3 O-O 17. Nce2 Kh8 18. Rfc1 Ba3 19. Qh4 Bxc1 20. Qxf6+
1/2-1/2